000 00472nam a22001697a 4500
005 20250416172221.0
008 250328b |||||||| |||| 00| 0 eng d
020 _a9783031470479
041 _aeng
082 _a332.63 ARE
100 _aArenbo, Torbjorn
245 _aCapital Allocation and Value Creation: A Market Based Framework for Executives
260 _aSingapore
_bPalgrave Macmillan
_c2023
300 _a231;. pages: 21 cm
650 _aFinance
942 _cBK
999 _c43473
_d43473